00750nam a2200217 a 450000100060000000300090000600800410001504000280005608200170008410000310010124500800013225000060021226000360021830000100025465000450026465000220030965000330033194200120036499900170037695201390039312771CO-ViMGA141112s2004 ck r 000 u spa d aCO-ViMGAbspacCO-ViMGA04a344.861 C7171 aVasquez, V. Orlando91849710aNuevo codigo de Regimen Municipal, Departamental, Intendencial y comisarial a1 aMedellín : bJuridica, c1986 a472p.14aCOLOMBIA - ADMINISTRACION PUBLICA91849814aDERECHO MUNICIPAL14aLEGISLACION - COLOMBIA93088 2ddccBK c23715d23715 00102ddc40708002aMEVIECARbMEVIECARd2015-12-04h11/jun/2009l0o344.861 C717 p12771r2015-12-04 00:00:00tEj. 1w2015-12-04yBK